000 01700nas a2200385 i 4500
001 1889
003 ES-MaACL
005 20260611134255.0
007 t|
008 950801c1877 sp | | 1 ||pa d
022 _a0034-9569
080 _a355.353
245 0 0 _aRevista general de Marina /
_cpublicada en la Dirección de Hidrografía.
260 _aMadrid :
_bDepósito Hidrográfico,
_c1877-
300 _a95 v. :
_bil. ;
_c23 cm.
310 _aMensual
362 0 _aT. I (1877)-
500 _aA partir de 1922 la publica el Negociado de Estudios e Información del Estado Mayor de la Armada.
515 _aInterrumpida su publicación de 1936 a 1940.
530 _aDisponible en Internet.
650 7 _aArte y ciencia militar
_2embne
_9135619
650 4 _aMarina de guerra.
_9136465
655 7 _2tgfbne
_9226866
_aRevistas
710 1 _aEspaña.
_bDirección de Hidrografía.
_93694
770 _w195853
_tCuadernos de pensamiento naval =
_xISSN 1697-2333
852 _aES-MaACL
_jHEM-H-511
_zAños: 2022-2024-2025-2026
_zCasillero actual: Cº 44
_91927
_cHEM
_zRevista viva
_hDonación: Editorial
852 _aES-MaACL
_jHEM-433
_zAños: 1877-1962
_cDEPO1
_9203992
_hDonación: Editorial
856 4 _uhttps://dialnet.unirioja.es/servlet/revista?codigo=6456
_ySumarios de la revista en Dialnet.
856 4 _uhttps://publicaciones.defensa.gob.es/revista-general-de-marina-100.html
_yVersión en línea
866 0 _zHEM-433
_o1877-1881,1888-1923,(1956)1957-1958(1959)1960-1961(1962). Faltas: 1887(f.en.-feb.) 1959(f.feb.,sept.y nov.)
866 1 0 _zHEM-H-511
_o2022-2024-2025-2026
942 _2udc
_cPERIODICA
_n0
999 _c1889
_d1889